Čarodejníkov synovec

Bibliographic Details
Main Author: Lewis, C. S. (Clive Staples), 1898-1963 (Author)
Other Authors: Baynes, Pauline, 1922-2008 (Illustrator), Frank, Patrick, 1967- (Translator)
Format: Book
Language:Slovak
English
PhysicalDescription:204 s. ilustr. 19 cm
Published: Bratislava Slovart 2016
ISBN:9788055610412
Series:Klasika svetovej fantasy
Subjects:

MARC

LEADER 00000cam a2200000 a 4500
001 vtls011565126
003 SK-MaSNL
005 20260301180505.0
008 171215s2016 xo a c 000 f slo
015 |a SNBA2016/08 
020 |a 9788055610412  |q (brož.) 
035 |a 052B8AAB-9EAC-40B4-8D72-872A69F0C461 
035 |a urn:nbn:sk:snk-amthfr 
035 |a urn:nbn:sk:snk-am00bnm8 
040 |a SNK  |b slo  |c SNK  |e AACR2 
041 1 |a slo  |h eng 
044 |a xo  |c SK 
072 7 |a 821.111-3  |x Anglická próza, anglicky písaná  |2 konspekt 
072 7 |a 821-93  |x Literatúra pre deti a mládež (beletria)  |2 konspekt 
080 |a 821.111-31  |2 2011 
080 |a (0:82-312.9)  |2 2011 
080 |a 82-93-053.2  |2 2011 
100 1 |a Lewis, C. S.  |q (Clive Staples),  |d 1898-1963  |4 aut  |9 86658 
240 1 4 |a The Magician's Nephew  |l Slovensky 
245 1 0 |a Čarodejníkov synovec  |c C. S. Lewis ; ilustrácie Pauline Baynes ; [z anglického originálu preložil Patrick Frank] 
246 3 0 |a Čarodejníkov synovec 
260 |a Bratislava  |b Slovart  |c 2016 
300 |a 204 s.  |b ilustr.  |c 19 cm 
490 1 |a Klasika svetovej fantasy 
500 |a Kniha je súčasťou súboru 7 kníh v kartónovom obale, ktoré spolu tvoria obrázok leva (ilustr. na chrbte knihy) 
521 1 |a Pre čitateľov od 8 rokov 
655 7 |a anglické romány  |2 SNKPH  |9 70428 
655 7 |a fantasy romány  |2 SNKPH  |9 121434 
655 7 |a literatúra pre deti  |2 SNKPH  |9 87135 
655 7 |a English fiction  |2 SNKPHeng  |9 109944 
655 7 |a Fantasy novels  |2 SNKPHeng  |9 248525 
655 7 |a Children's literature  |2 SNKPHeng  |9 276039 
700 1 |a Baynes, Pauline,  |d 1922-2008  |4 ill  |9 253766 
700 1 |a Frank, Patrick,  |d 1967-  |4 trl  |9 194015 
787 0 8 |i Zo série:  |t Kroniky Narnie  |g 1 
787 0 8 |i Zo série:  |t The Chronicles of Narnia  |g 1 
830 0 |a Klasika svetovej fantasy  |9 344563 
919 |a 978-80-556-1041-2 
958 |a LX 
958 |a DB 
958 |a UP 
968 |b ENG 
999 |c 846413  |d 848343 
952 |a SNK  |b SNK  |y PREZ  |7 0  |p 17A1200017  |o snkSD 85450/1  |i snk2016/18024  |8 0  |0 0  |1 0  |4 0  |d 2016-07-28  |f 1  |l 0  |r 2026-02-24 04:27:07  |w 2026-02-24 
952 |a SNK  |b SNK  |y PREZ  |7 0  |p 17A1200016  |o snkSD 85450/1 D1  |i snk2016/18025  |8 0  |0 0  |1 0  |4 0  |d 2016-07-28  |l 0  |r 2026-02-24 04:27:07  |w 2026-02-24